Normal view
MARC view
- Rich, Edwin Gile,
Entry Personal Name
001 - CONTROL NUMBER
- control field: 91436
003 - CONTROL NUMBER IDENTIFIER
- control field: NUST
005 - DATE AND TIME OF LATEST TRANSACTION
- control field: 20220509165228.0
008 - FIXED-LENGTH DATA ELEMENTS
- fixed length control field: 220509|| aca||aabn | a|a d
040 ## - CATALOGING SOURCE
- Original cataloging agency: NUST
- Transcribing agency: NUST
100 ## - HEADING--PERSONAL NAME
- Personal name: Rich, Edwin Gile,
- Dates associated with a name: 1879- [from old catalog]
670 ## - SOURCE DATA FOUND
- Source citation: Work cat.: (NUST)0: Cervantes, Miguel de, 1547-1616. 91435, The adventures of Don Quixote,, 1928.
